00535nam a2200181Ia 4500003000900000008004100009040001300050040001300063041000800076100001600084245003400100250001400134260001500148300000800163490002900171490000600200600014700206IT-RoPAU120407s9999 xx 000 0 und d aIT-RoPAU cIT-RoPAU aita aKarl Rahner aAnche oggi soffia lo Spirito  aBrescia  aQueriniana c cm aMeditazioni teologiche.  v1 a"Tu sei il silenzio Sul sacerdozio Sul Battesimo Sull’eucarestia Anche oggi soffia lo Spirito Lasciarsi perdonare Lasciarsi perdonare "